The animal world

Bibliographic Details
Format: Book
Published: London : Moonlight Publishing , 1993
Series:Moonlight first encyclopedia
Subjects:

MARC

LEADER 00000cam a2200000 7i4500
001 0000001332
002 000001467
005 20060208.0
020 |a 1851031251 
090 0 0 |a 030   |b MOO 
245 0 4 |a The animal world   |c Laurence Ottenheimer - Maquet et al 
260 |a London :   |b Moonlight Publishing ,   |c 1993 
300 |a 77p. :   |b ill. ;   |c 28cm. 
490 0 |a Moonlight first encyclopedia 
650 0 0 |a Animal culture   |x Encylopedias 
999 |a 032792   |b BUKU   |c PINJAMAN   |e PERPUSTAKAAN KOMUNITI PETALING JAYA